Online
Catalog

Fundamento estético del interiorismo / (Record no. 48891)

MARC details
000 -CABECERA
campo de control de longitud fija 01101nam a22002777a 4500
003 - IDENTIFICADOR DEL NÚMERO DE CONTROL
campo de control OSt
005 - FECHA Y HORA DE LA ÚLTIMA TRANSACCIÓN
campo de control 20240302073953.0
008 - DATOS DE LONGITUD FIJA--INFORMACIÓN GENERAL
campo de control de longitud fija 201015b 2011 dr 00| 0 spa d
020 ## - NÚMERO INTERNACIONAL ESTÁNDAR DEL LIBRO
Número Internacional Estándar del Libro 9789945420906
040 ## - FUENTE DE LA CATALOGACIÓN
Centro catalogador/agencia de origen DO-SdBNP
Lengua de catalogación spa
Centro/agencia transcriptor BNPHU
082 ## - NÚMERO DE LA CLASIFICACIÓN DECIMAL DEWEY
Número de edición 22
Número de clasificación 808.1
Número de documento/Ítem C749f
111 2# - ENTRADA PRINCIPAL--NOMBRE DE CONGRESO/REUNIÓN
Nombre de congreso/reunión o jurisdicción como elemento de entrada Congreso Internacional del Interiorismo
Número del congreso/reunión o número de parte o sección (3o. :
Fecha del congreso/reunión 2010 : 22-23 oct.
Sede del congreso/Lugar de la reunión Santo Domingo, República Dominicana).
9 (RLIN) 76911
245 10 - MENCIÓN DE TÍTULO
Título Fundamento estético del interiorismo /
Mención de responsabilidad, etc. Bruno Rosario Candelier
260 ## - PUBLICACIÓN, DISTRIBUCIÓN, ETC.
Lugar de publicación, distribución, etc. San Francisco de Macorís:
Nombre del editor, distribuidor, etc. Ateneo Isular,
Fecha de publicación, distribución, etc. 2011
300 ## - DESCRIPCIÓN FÍSICA
Extensión 529 p. ;
Dimensiones 25 c.
490 1# - MENCIÓN DE SERIE
Mención de serie En la Interior Bodega;
Designación de volumen o secuencia 7
500 ## - NOTA GENERAL
Nota general Incluye datos biográficos del editor en las solapas
590 ## - NOTA LOCAL (RLIN)
Nota local Inventariado, 2020/VM
650 #7 - PUNTO DE ACCESO ADICIONAL DE MATERIA--TÉRMINO DE MATERIA
Fuente del encabezamiento o término Lemb
Término de materia o nombre geográfico como elemento de entrada Arte y literatura
Subdivisión de forma Congresos, conferencias, etc
9 (RLIN) 76912
650 #7 - PUNTO DE ACCESO ADICIONAL DE MATERIA--TÉRMINO DE MATERIA
Fuente del encabezamiento o término Lemb
Término de materia o nombre geográfico como elemento de entrada Estética literaria
Subdivisión de forma Congresos, conferencias, etc
9 (RLIN) 76913
650 #7 - PUNTO DE ACCESO ADICIONAL DE MATERIA--TÉRMINO DE MATERIA
Fuente del encabezamiento o término Lemb
Término de materia o nombre geográfico como elemento de entrada Estilo literario
Subdivisión de forma Congresos, conferencias, etc
9 (RLIN) 76914
700 1# - PUNTO DE ACCESO ADICIONAL--NOMBRE DE PERSONA
Nombre de persona Rosario Candelier, Bruno,
Fechas asociadas al nombre 1941-
Término indicativo de función/relación ed.
9 (RLIN) 851
830 ## - PUNTO DE ACCESO ADICIONAL DE SERIE-TÍTULO UNIFORME
Título uniforme En la Interior Bodega;
Número de parte o sección de la obra 7
9 (RLIN) 73428
942 ## - ELEMENTOS DE PUNTO DE ACCESO ADICIONAL (KOHA)
Fuente del sistema de clasificación o colocación Dewey Decimal Classification
Tipo de ítem Koha Libro
956 ## - LOCALIZACIÓN Y ACCESO ELECTRÓNICOS LOCAL (OCLC)
Nombre del host VMateo
Holdings
Estado de retiro Estado de pérdida Fuente del sistema de clasificación o colocación Restricciones de uso No para préstamo Localización permanente Ubicación/localización actual Fecha de adquisición Fuente de adquisición Total de préstamos Signatura topográfica completa Código de barras Fecha visto por última vez Precio válido a partir de Tipo de ítem Koha Código de colección Número de copia
    Dewey Decimal Classification Excluido de préstamo   Biblioteca Nacional Pedro Henríquez Ureña Biblioteca Nacional Pedro Henríquez Ureña 09.02.2022 Víctor Hugo   808.1 C749f 2023-0584 02.02.2023 15.10.2020 Libro Patrimonio Dominicano e. 2
    Dewey Decimal Classification Excluido de préstamo Excluido de préstamo Biblioteca Nacional Pedro Henríquez Ureña Patrimonio Dominicano 15.10.2020 donación   808.1 C749f 2020-0162 15.10.2020 15.10.2020 Libro    

Powered by Koha